Forensic DNA profiling : (Record no. 13223)

MARC details
000 -LEADER
fixed length control field 00772nam a22002297a 4500
003 - CONTROL NUMBER IDENTIFIER
control field OSt
005 - DATE AND TIME OF LATEST TRANSACTION
control field 20250820013614.0
008 - FIXED-LENGTH DATA ELEMENTS--GENERAL INFORMATION
fixed length control field 250820t2020 |||||||| |||| 00| | eng d
020 ## - INTERNATIONAL STANDARD BOOK NUMBER
International Standard Book Number 978-0-367-02902-9
040 ## - CATALOGING SOURCE
Transcribing agency JMCFI - Learning Resource Center
082 ## - DEWEY DECIMAL CLASSIFICATION NUMBER
Classification number Fil./Crim. 614.1 B855 2020
100 ## - MAIN ENTRY--PERSONAL NAME
Personal name Bright, Jo-Anne
9 (RLIN) 41030
245 ## - TITLE STATEMENT
Title Forensic DNA profiling :
Remainder of title a practical guide to assigning likelihood ratios /
Statement of responsibility, etc. Jo-Anne Bright and Michael D. Coble.
260 ## - PUBLICATION, DISTRIBUTION, ETC.
Place of publication, distribution, etc. Florida :
Name of publisher, distributor, etc. CRC Press,
Date of publication, distribution, etc. 2020.
300 ## - PHYSICAL DESCRIPTION
Extent xv, 242 pages ;
Dimensions 24 cm
500 ## - GENERAL NOTE
General note Includes indexes.
504 ## - BIBLIOGRAPHY, ETC. NOTE
Bibliography, etc. note Includes bibliographical references.
650 ## - SUBJECT ADDED ENTRY--TOPICAL TERM
Topical term or geographic name entry element DNA profiling.
9 (RLIN) 41031
650 ## - SUBJECT ADDED ENTRY--TOPICAL TERM
Topical term or geographic name entry element Forensic DNA profiling.
9 (RLIN) 41032
700 ## - ADDED ENTRY--PERSONAL NAME
Personal name Coble, Michael D
9 (RLIN) 41033
942 ## - ADDED ENTRY ELEMENTS (KOHA)
Source of classification or shelving scheme Dewey Decimal Classification
Koha item type Books
Suppress in OPAC No
Holdings
Withdrawn status Lost status Source of classification or shelving scheme Damaged status Not for loan Home library Current library Shelving location Date acquired Total Checkouts Full call number Barcode Date last seen Copy number Price effective from Koha item type
    Dewey Decimal Classification     LRC - College (Main) LRC - College (Main) Filipiniana - Criminology 02/28/2022   Fil./Crim. 614.1 B855 2020 00008492 08/20/2025 1 08/20/2025 Books